MARC

LEADER 00000nam0a2200000 4500
001 339719
005 20231101032844.0
035 |a (RuTPU)RU\TPU\book\366258 
090 |a 339719 
100 |a 20180124d1980 km y0rusy50 ca 
101 1 |a rus  |c eng 
102 |a RU 
105 |a a z 001zy 
200 1 |a Линейные многомерные системы управления : Геометрический подход  |d Linear multivariable control : A geometric approach  |e пер. с англ.  |f У. М. Уонэм  |g под ред. С. В. Емельянова 
210 |a Москва  |c Наука  |d 1980 
215 |a 375 с.  |c ил. 
320 |a Библиогр.: с. 364-371 
320 |a Предметный указатель: с. 373-375 
510 1 |a Linear multivariable control : A geometric approach  |z eng 
606 1 |a Автоматические системы управления  |x Линейные  |2 stltpush  |3 (RuTPU)RU\TPU\subj\877 
610 1 |a математические предпосылки 
610 1 |a теория управляемости 
610 1 |a обратная связь 
610 1 |a полюсы 
610 1 |a наблюдаемость 
610 1 |a динамические подсистемы 
610 1 |a инвариантность 
610 1 |a возмущения 
610 1 |a стабилизация 
610 1 |a выходные сигналы 
610 1 |a подпространства 
610 1 |a слежение 
610 1 |a регулирование 
610 1 |a устойчивость 
610 1 |a синтез 
610 1 |a автономность 
610 1 |a компенсация 
610 1 |a разрешимость 
610 1 |a оптимизация 
610 1 |a существование 
610 1 |a единственность 
610 1 |a динамические характеристики 
675 |a 681.511.2  |v 4 
700 1 |a Уонэм  |b У. М.  |g У. Мюррей 
702 1 |a Емельянов  |b С. В.  |4 340 
801 1 |a RU  |b 63413507  |c 20180124 
801 2 |a RU  |b 63413507  |c 20200117  |g RCR 
942 |c BK